MARC

LEADER 00000nas a2200000 i 4500
001 ssj0001325382
003 WaSeSS
005 20200512172242.0
006 m d
007 cr n
008 130108c20099999rm fr p s 0 0eng c
010 |a  2013263162 
022 |a 2067-3795  |l 2067-3795 
035 |a (WaSeSS)ssj0001325382 
037 |b The Academy of Economic Studies, Bucharest, Romania, The Faculty of International Business and Economics, 6 Piața Romană, 1st District, Postal code 010374, Bucharest Romania 
040 |a HUA  |b eng  |c HUA  |d OCLCO  |d TXA  |d CNCGM  |d AU@  |d OCLCQ  |d TXA  |d OCLCF  |d TXA  |d CUS  |d OCLCO  |d SERSO  |d OCLCQ  |d VT2  |d WaSeSS 
042 |a pcc 
050 1 4 |a BD255  |b .E876 
210 0 |a Eur. J. Interdiscip. Stud. 
222 0 |a European Journal of Interdisciplinary Studies 
245 0 0 |a European journal of interdisciplinary studies  |h [electronic resource]. 
246 1 |a EJIS 
260 |a Bucharest, Romania :  |b Academy of Economic Studies, Faculty of International Business and Economics,  |c [2009]- 
310 |a Semiannual 
362 1 |a Began with: Issue 1 (December 2009). 
506 |a License restrictions may limit access. 
588 |a Description based on: Issue 1 (December 2009); title from PDF article running title (ejist site, viewed October 16, 2013). 
588 |a Latest issue consulted: Vol. 5, issue 1 (2013) (ejist site, viewed December 26, 2013). 
650 0 |a Interdisciplinary approach to knowledge  |v Periodicals. 
650 0 |a Interdisciplinary research  |v Periodicals. 
650 0 |a Medicine  |v Periodicals. 
650 0 |a Social sciences  |v Periodicals. 
650 0 |a Humanities  |v Periodicals. 
650 0 |a Science  |v Periodicals. 
650 7 |a Humanities.  |2 fast  |0 (OCoLC)fst00963588 
650 7 |a Interdisciplinary approach to knowledge.  |2 fast  |0 (OCoLC)fst00976129 
650 7 |a Interdisciplinary research.  |2 fast  |0 (OCoLC)fst00976131 
650 7 |a Medicine.  |2 fast  |0 (OCoLC)fst01014893 
650 7 |a Science.  |2 fast  |0 (OCoLC)fst01108176 
650 7 |a Social sciences.  |2 fast  |0 (OCoLC)fst01122877 
655 0 |a Electronic journals. 
710 2 |a Academia de Studii Economice (Romania).  |b Facultatea de Relatii Economice Internationale. 
856 4 0 |z Full text available from Research Library: 12/01/2009 to present  |u https://search.proquest.com/publication/2030083